2022 FIFA World Cup Semi Finals - Argentina - Croatia - Statistics

General Stats
  • This quiz has been taken 470 times
    467 since last reset
  • The average score is 20 of 34
Answer Stats
Player % Correct
Lionel Messi ¹
99%
Emiliano Martínez
95%
Luka Modrić
95%
Lisandro Martínez
93%
Julián Álvarez ²
87%
Nicolás Otamendi
81%
Ivan Perišić
79%
Joško Gvardiol
78%
Cristian Romero
75%
Dominik Livaković
75%
Enzo Fernández
73%
Alexis Mac Allister
71%
Mateo Kovačić
71%
Marcelo Brozović
70%
Rodrigo De Paul
69%
Nahuel Molina
68%
Nicolás Tagliafico
68%
Andrej Kramarić
62%
Dejan Lovren
59%
Leandro Paredes
56%
Lionel Scaloni
55%
Paulo Dybala
52%
Borna Sosa
51%
Josip Juranović
45%
Bruno Petković
43%
Zlatko Dalić
40%
Mario Pašalić
39%
Lovro Majer
35%
Mislav Oršić
33%
Marko Livaja
31%
Nikola Vlašić
29%
Ángel Correa
22%
Exequiel Palacios
18%
Juan Foyth
17%
No matching quizzes found
Score Distribution
Percent of People with Each Score
Percentile by Number Answered
Your Score History
You have not taken this quiz since the last reset